| 000 | 00346nam a2200133Ia 4500 | ||
|---|---|---|---|
| 008 | 220615s9999||||xx |||||||||||||| ||und|| | ||
| 020 | _a9780260000000 | ||
| 100 | _aSuber, Peter | ||
| 245 | 0 | _aOpen Access | |
| 546 | _aEnglish[eng] | ||
| 650 | _aLibrary and information services | ||
| 856 | _uhttp://mitpress.mit.edu/9780262517638 | ||
| 942 | _cEB | ||
| 999 |
_c13425 _d13425 |
||